Hannover 96: Alle Torschützen der 2000er - Statistiken

Allgemein
  • Dieses Quiz wurde 50 mal gespielt
  • Das Durchschnittsergebnis liegt bei 18 aus 55
Antwortstatistiken
Pos. Nat. Spieler % Korrekt
MIT ALB Altin Lala
78%
ST CIV Didier Ya Konan
78%
VER USA Steven Cherundolo
76%
ST HUN Szabolcs Huszti
76%
ST CZE Jiri Stajner
66%
ST GER Mike Hanke
66%
ST GER Jan Schlaudraff
59%
VER TUN Karim Haggui
56%
VER GER Per Mertesacker
56%
MIT GER Bastian Schulz
54%
VER GER Christian Schulz
54%
ST FIN Mikael Forssell
54%
MIT GER Sergio Pinto
51%
ST GER Fredi Bobic
49%
VER SUI Mario Eggimann
49%
ST GER Thomas Brdaric
49%
MIT DEN Leon Andreasen
44%
MIT NED Arnold Bruggink
41%
ST IRN Vahid Hashemian
41%
ST CAM Mohamadou Idrissou
39%
MIT GER Hanno Balitsch
37%
MIT CZE Jan Simak
37%
ST ESP Thomas Christiansen
34%
ST GER Daniel Stendel
32%
VER GER Frank Fahrenhorst
29%
VER GER Michael Tarnat
29%
VER TUN Sofian Chahed
27%
ST CIV Arouna Kone
24%
VER GER Carsten Linke
22%
MIT BUL Chavdar Yankov
22%
MIT GER Christoph Dabrowski
22%
MIT SRB Nebojsa Krupnikovic
22%
VER POL Dariusz Zuraw
20%
MIT POL Jacek Krzynowek
20%
MIT GER Jan Rosenthal
20%
ST SEN Babcar N'Diaye
17%
MIT ESP Jaime
17%
ST CZE Jiri Kaufman
17%
MIT BRA Elson
15%
MIT GRE Kostas Konstantinidis
15%
MIT POR Ricardo Sousa
15%
VER ITA Vinicius Bergantin
15%
ST USA Clint Mathis
12%
ST USA Conor Casey
12%
MIT CRO Danijel Stefulj
12%
MIT PHL Denis Wolf
12%
VER RUM Gheorghe Popescu
12%
VER BRA Kleber
12%
MIT SUI Tranquillo Barnetta
12%
MIT CAN Julian Guzman
10%
ST BRA Leandro Fonseca
10%
MIT GER Michael Delura
10%
MIT GER Silvio Schröter
10%
ST BIH Stanko Svitlica
2%
VER GER Thomas Kleine
2%
Keine übereinstimmenden Quizze gefunden
Verteilung der Resultate
Anzahl Personen mit jedem Resultat
Perzentil nach korrekt beantworteten Fragen
Ihre Resultats-Entwicklung
Sie haben dieses Quiz noch nicht gespielt